Promoting investment in private rented housing supply (Record no. 111445)
[ view plain ]
| 000 -LEADER | |
|---|---|
| fixed length control field | 01266cad a22002535a 4500 |
| 001 - CONTROL NUMBER | |
| control field | L151562 |
| 008 - FIXED-LENGTH DATA ELEMENTS--GENERAL INFORMATION | |
| fixed length control field | 101117s2010 xxk f 000 0 eng d |
| 035 ## - SYSTEM CONTROL NUMBER | |
| System control number | (Sirsi) u151562 |
| 041 0# - LANGUAGE CODE | |
| Language code of text/sound track or separate title | eng |
| 050 04 - LIBRARY OF CONGRESS CALL NUMBER | |
| Classification number | 306.1 $2 18 |
| 100 1# - MAIN ENTRY--PERSONAL NAME | |
| Personal name | Oxley, Michael |
| 245 00 - TITLE STATEMENT | |
| Title | Promoting investment in private rented housing supply |
| Remainder of title | international policy comparisons |
| Medium | [electronic resource] |
| 260 ## - PUBLICATION, DISTRIBUTION, ETC. | |
| Place of publication, distribution, etc. | London |
| Name of publisher, distributor, etc. | DCLG |
| -- | 2010 |
| 520 ## - SUMMARY, ETC. | |
| Summary, etc. | Investigates the range of policy frameworks in place in high income countries to promote investment in private rented housing supply. From 27 countries initially selected, 12 countries were investigated further which was then narrowed down to four, these USA, Australia, France and Germany which were then compared with the system in England which traditionally has a smaller private rented sector than countries such as Germany. |
| 590 ## - LOCAL NOTE (RLIN) | |
| Local note | KA NTK |
| 651 #4 - SUBJECT ADDED ENTRY--GEOGRAPHIC NAME | |
| Geographic name | International |
| 690 ## - LOCAL SUBJECT ADDED ENTRY--TOPICAL TERM (OCLC, RLIN) | |
| Topical term or geographic name as entry element | PROPERTY-RESIDENTIAL PROPERTY-DOMESTIC RESIDENTIAL PROPERTY-HOUSING |
| 700 1# - ADDED ENTRY--PERSONAL NAME | |
| Personal name | Lishman, Ros |
| 700 1# - ADDED ENTRY--PERSONAL NAME | |
| Personal name | Brown, Tim |
| 700 1# - ADDED ENTRY--PERSONAL NAME | |
| Personal name | Haffner, Marietta |
| 700 1# - ADDED ENTRY--PERSONAL NAME | |
| Personal name | Hoellering, M.F. |
| 856 40 - ELECTRONIC LOCATION AND ACCESS | |
| Uniform Resource Identifier | <a href="https://www.communities.gov.uk/documents/housing/pdf/1759530.pdf">https://www.communities.gov.uk/documents/housing/pdf/1759530.pdf</a> |
| Public note | View this item free of charge at www.communities.gov.uk |
| 942 ## - ADDED ENTRY ELEMENTS (KOHA) | |
| Suppress in OPAC | 0 |
| Withdrawn status | Lost status | Source of classification or shelving scheme | Damaged status | Not for loan | Home library | Current library | Shelving location | Date acquired | Total Checkouts | Full call number | Barcode | Date last seen | Copy number | Price effective from | Koha item type |
|---|---|---|---|---|---|---|---|---|---|---|---|---|---|---|---|
| Dewey Decimal Classification | Virtual | Virtual | Online | 17/11/2010 | ONLINE PUBLICATION | 151562-2001 | 06/08/2019 | 1 | 06/08/2019 | Book |